|
|
|
|
| LEADER |
00000nab a2200000 a 4500 |
| 001 |
vtls000105437 |
| 003 |
SK-MaSNL |
| 005 |
20260304061609.0 |
| 008 |
250422c1981 xo 0 slo |
| 015 |
|
|
|a SNBRB19rr/mm-uuuuu
|
| 035 |
|
|
|a CL0115540
|
| 035 |
|
|
|a urn:nbn:sk:snk-ab1bxj
|
| 035 |
|
|
|a (urnnbn)urn:nbn:sk:snk:ar-001slt
|
| 035 |
|
|
|a (uuid)1c4464fb-d97e-4448-995a-e4b428291ea1
|
| 040 |
|
|
|a SNKBUCL
|b slo
|c SNKBUCL
|e AACR2
|
| 041 |
0 |
|
|a slo
|
| 044 |
|
|
|a xo
|c SK
|
| 080 |
|
|
|a 791.43
|2 1981
|
| 100 |
1 |
|
|a Moravčík, Milan
|c (redaktor)
|4 aut
|9 5073
|
| 245 |
1 |
0 |
|a Vďaka za nesmutnú veselohru
|b Buldoci a třešně
|c Milan Moravčík
|
| 300 |
|
|
|b Obr. 2.
|
| 650 |
0 |
7 |
|a film český
|2 snkbucl
|9 854988
|
| 655 |
|
7 |
|a články z novín a časopisov
|2 snkbucl
|9 267496
|
| 773 |
0 |
|
|t Film a divadlo
|g Roč. 25, č. 24-25 (1981), s. 58
|
| 850 |
|
|
|a Slovenská národná knižnica
|
| 852 |
|
|
|a Slovenská národná knižnica
|
| 954 |
|
|
|a odborná, vedecká literatúra pôvodná (slovenská)
|2 lita
|
| 958 |
|
|
|a article27
|
| 958 |
|
|
|a OND
|
| 958 |
|
|
|a RK
|
| 958 |
|
|
|a CZ
|
| 958 |
|
|
|a EUIPO
|
| 992 |
|
|
|a RBX
|
| 999 |
|
|
|c 2733913
|d 2735843
|